00000000nam 2200000zi 4500
0019.946546
003CaOODSP
00520250106154245
006m     o  d f      
007cr mn|||||||||
008250106e20241001onc     ob   f000 0 eng d
040 |aCaOODSP|beng|erda|cCaOODSP
043 |an-cn---
0861 |aYM32-3/441-C40E-PDF
1001 |aZazulya, Iryna, |eauthor.
24510|aBill C-40 : |ban Act to amend the Criminal Code, to make consequential amendments to other Acts and to repeal a regulation (miscarriage of justice reviews) / |crevised by Iryna Zazulya.
264 1|aOttawa, Canada : |bLibrary of Parliament = Bibliothèque du Parlement, |c1 October 2024.
264 4|c©2024
300 |a1 online resource (i, 14 pages).
336 |atext|btxt|2rdacontent
337 |acomputer|bc|2rdamedia
338 |aonline resource|bcr|2rdacarrier
4901 |aLegislative summary ; |vno. 44-1-C40-E
500 |aCover title.
500 |aIssued also in French under title: Projet de Loi C-40 : Loi modifiant le Code criminel et d’autres lois en conséquence et abrogeant un règlement (examen des erreurs judiciaires).
504 |aIncludes bibliographical references (pages 12-14).
61010|aCanada. |tCriminal Code.
650 0|aJudicial error|xLaw and legislation |zCanada.
7101 |aCanada. |bLibrary of Parliament, |eissuing body.
7101 |aCanada. |bParliamentary Information and Research Service, |eissuing body.
77508|tProjet de Loi C-40 : |w(CaOODSP)9.946547
830#0|aLegislative summary (Canada. Parliamentary Information and Research Service)|vno. 44-1-C40-E.|w(CaOODSP)9.504770
85640|qPDF|s760 KB|uhttps://publications.gc.ca/collections/collection_2025/bdp-lop/ls/YM32-3-441-C40-eng.pdf